The book of lies (Record no. 36029)
[ view plain ]
| 000 -LEADER | |
|---|---|
| fixed length control field | 00767nam a2200217 a 4500 |
| 001 - CONTROL NUMBER | |
| control field | 15236065 |
| 008 - FIXED-LENGTH DATA ELEMENTS--GENERAL INFORMATION | |
| fixed length control field | 160920s2008 ||||||||||||||||| || u |
| 010 ## - LIBRARY OF CONGRESS CONTROL NUMBER | |
| LC control number | 2008013692 |
| 020 ## - INTERNATIONAL STANDARD BOOK NUMBER | |
| International Standard Book Number | 9781444706840 |
| 020 ## - INTERNATIONAL STANDARD BOOK NUMBER | |
| International Standard Book Number | 044657788X |
| 050 ## - LIBRARY OF CONGRESS CALL NUMBER | |
| Classification number | PS 3563.E44B67 |
| 100 ## - MAIN ENTRY--PERSONAL NAME | |
| Personal name | Meltzer, Brad |
| 245 14 - TITLE STATEMENT | |
| Title | The book of lies |
| Statement of responsibility, etc. | Brad Meltzer. |
| 250 ## - EDITION STATEMENT | |
| Edition statement | 1st ed. |
| 260 ## - PUBLICATION, DISTRIBUTION, ETC. | |
| Place of publication, distribution, etc. | London |
| Name of publisher, distributor, etc. | Hodder and Stoughton |
| Date of publication, distribution, etc. | 2008 |
| 300 ## - PHYSICAL DESCRIPTION | |
| Extent | x, 387 p. : ill. |
| 650 #0 - SUBJECT ADDED ENTRY--TOPICAL TERM | |
| Topical term or geographic name entry element | Family secrets - Fiction |
| 856 ## - ELECTRONIC LOCATION AND ACCESS | |
| Uniform Resource Identifier | <a href="http://www.loc.gov/catdir/enhancements/fy0827/2008013692-d.html">http://www.loc.gov/catdir/enhancements/fy0827/2008013692-d.html</a> |
| 856 ## - ELECTRONIC LOCATION AND ACCESS | |
| Uniform Resource Identifier | <a href="http://www.loc.gov/catdir/enhancements/fy0827/2008013692-b.html">http://www.loc.gov/catdir/enhancements/fy0827/2008013692-b.html</a> |
| 995 ## - RECOMMENDATION 995 [LOCAL, UNIMARC FRANCE] | |
| -- | CBU-MAIN LIBRARY (Kitwe) |
| -- | 1 |
| -- | OUT |
| -- | Sep 20, 2016 |
| -- | Fiction Collection |
| Withdrawn status | Lost status | Source of classification or shelving scheme | Damaged status | Not for loan | Home library | Current library | Shelving location | Date acquired | Total Checkouts | Total Renewals | Full call number | Barcode | Date last seen | Date last checked out | Price effective from | Koha item type |
|---|---|---|---|---|---|---|---|---|---|---|---|---|---|---|---|---|
| CBU-MAIN LIBRARY, KITWE. | CBU-MAIN LIBRARY, KITWE. | 11/30/2022 | 4 | 1 | PS 3563.E44B67 | 746832 | 05/13/2026 | 03/19/2026 | 11/30/2022 | MONOGRAPH |